Gaitán (Registro nro. 887)

Detalles MARC
000 -CABECERA
Longitud fija campo de control 00861nam a2200253Ia 4500
005 - • FECHA Y HORA DE LA ÚLTIMA TRANSACCIÓN
Fecha y hora de la última transacción 20220316235419.0
008 - • CÓDIGOS DE INFORMACIÓN DE LONGITUD FIJA
Códigos de información de longitud fija 121119s1998 ck gr 000 0 spa
020 ## - • NÚMERO INTERNACIONAL NORMALIZADO PARA LIBROS
Número Internacional Normalizado para Libros (ISBN) 9583600431
041 0# - • CÓDIGO DE LENGUA
Código de lengua del texto/banda sonora o título independiente spa
082 04 - • NÚMERO DE LA CLASIFICACIÓN DECIMAL DEWEY
Número de clasificación (R) 923.2
Número del ítem G13O
040 ## - FUENTE DE LA CATALOGACIÓN
Centro catalogador de origen CO-BoRNBP
Lengua de catalogación spa
Normas de descripción rda
Centro transcriptor CO-BoRNBP
100 1# - • PUNTO DE ACCESO PRINCIPAL-NOMBRE DE PERSONA
Nombre de persona Osorio Lizarazo, José Antonio
Fechas asociadas al nombre 1900-1964
245 10 - • TITULO PROPIAMENTE DICHO
Título Gaitán
Resto del título vida, muerte y permanente presencia
Mención de responsabilidad, etc. José Antonio Osorio Lizarazo
250 ## - • MENCIÓN DE EDICIÓN
Mención de edición Primera edición
264 ## - PRODUCCIÓN, PUBLICACIÓN , DISTRIBUCIÓN, FABRICACIÓN Y COPYRIGHT
Lugar de producción, publicación, distribución, fabricación Bogotá
Nombre del productor, editor, distribuidor, fabricante El Áncora
Fecha de de producción, publicación, distribución, fabricación o copyright 1998
300 ## - • DESCRIPCIÓN FÍSICA
Extensión 313 páginas
336 ## - TIPO DE CONTENIDO
Término de tipo de contenido texto
Código de tipo de contenido txt
Fuente rdacontent
337 ## - TIPO DE MEDIO
Nombre del tipo de medio sin mediación
Código del tipo de medio n
Fuente rdamedia
338 ## - TIPO DE SOPORTE
Nombre del tipo de soporte volumen
Código del tipo de soporte nc
Fuente rdacarrier
600 14 - • PUNTO DE ACCESO ADICIONAL DE MATERIA - NOMBRE DE PERSONA
Nombre de persona Gaitán, Jorge Eliecer
Subdivisión de materia general (R ) Políticos Colombianos
Subdivisió,n cronológica (R ) 1903-1948
651 #4 - • PUNTO DE ACCESO ADICIONAL DE MATERIA - NOMBRE GEOGRÁFICO
Nombre geográfico Colombia
Subdivisión de materia general Historia
Subdivisión cronológica Siglo XX
651 #4 - • PUNTO DE ACCESO ADICIONAL DE MATERIA - NOMBRE GEOGRÁFICO
Nombre geográfico Colombia
Subdivisión de materia general Política y gobierno
Subdivisión cronológica Siglo XX
942 ## - ENTRADA DE ELEMENTOS AGREGADOS (KOHA)
Fuente de clasificaión o esquema Dewey Decimal Classification
Koha [por defecto] tipo de item LIbro
Existencias
Perdido Fuente de clasificación o esquema Estado Físico No para préstamo Forma de adquisición Localización permanente Localización actual Localización en estanterías Fecha adquisición Préstamos totales Signatura completa Código de barras Fecha última consulta Número de copia Fecha del precio de reemplazo Tipo de item de Koha Número de registro Fecha último préstamo
  Dewey Decimal Classification     Colección General Biblioteca Pública Dorado Biblioteca Pública Dorado General 01/19/2023   923.2 G13o DOR00994 01/19/2023 Ej.1 01/19/2023 LIbro    
  Dewey Decimal Classification     Colección General Biblioteca Pública José Eustasio Rivera - San Martin Biblioteca Pública José Eustasio Rivera - San Martin General 03/12/2024   92o3.2 G13 SM03310 03/12/2024 Ej.1 03/12/2024 LIbro    
  Dewey Decimal Classification     Colección General Biblioteca Pública Puerto Lleras Biblioteca Pública Puerto Lleras General 01/22/2025   923.2 G13o PLL01756 01/22/2025 Ej.1 01/22/2025 LIbro    
  Dewey Decimal Classification     Colección General Biblioteca Pública Puerto López - Jorge Eliecer Gaitán Biblioteca Pública Puerto López - Jorge Eliecer Gaitán General 08/30/2025   923.2 G13O PLZ03060 08/30/2025 Ej.1 08/30/2025 LIbro    
  Dewey Decimal Classification     Colección General Biblioteca Pública San Carlos de Guaroa - Eduardo Carranza Biblioteca Pública San Carlos de Guaroa - Eduardo Carranza General 07/07/2025   923.2 G13o SG03512 07/07/2025 Ej.1 07/07/2025 LIbro    
  Dewey Decimal Classification     Colección General Biblioteca Pública El Castillo - Alfonso Meneses Biblioteca Pública El Castillo - Alfonso Meneses General 08/04/2023   923.2 G13o EC01283 08/04/2023 Ej.1 08/04/2023 LIbro    
  Dewey Decimal Classification     Colección General Biblioteca Pública Acacias - Carlos María Hernández Rojas Biblioteca Pública Acacias - Carlos María Hernández Rojas General 09/30/2025 1 923.2 G13o ACA06706 10/14/2025 Ej.1 09/30/2025 LIbro   09/30/2025
  Dewey Decimal Classification     Colección General Biblioteca Pública Guamal Biblioteca Pública Guamal General 06/23/2023   923.2 G13o GUA003692 06/23/2023 Ej.1 06/23/2023 LIbro    
  Dewey Decimal Classification     Colección General Biblioteca Pública Mapiripan Biblioteca Pública Mapiripan General 01/10/2024   92o3.2 G13 MAP00001570 01/10/2024 Ej.1 01/10/2024 LIbro    
  Dewey Decimal Classification     Colección General Biblioteca Pública Puerto Rico Biblioteca Pública Puerto Rico General 04/20/2023   923.2 G13o PR000001025 04/20/2023 Ej.1 04/20/2023 LIbro    
  Dewey Decimal Classification     Colección General Biblioteca Pública Uribe - Reinerio Arenas Biblioteca Pública Uribe - Reinerio Arenas General 08/20/2024   923.2 G13o URI01208 08/20/2024 Ej.1 08/20/2024 LIbro    
  Dewey Decimal Classification       Biblioteca Pública Vistahermosa Biblioteca Pública Vistahermosa   08/16/2024   923.2 VIST 0001420 08/16/2024 Ej.1 08/16/2024 LIbro 923.2G123o  









Instituto Departamental de Cultura del Meta - Red Departamental de Bibliotecas Públicas del Meta.